000 00726nas a2200241 4500
001 BR2014001996
003 BR-BrBNA
005 20231205123836.0
007 ta
008 230509b bl.|||p| |||| 00| 00por d
040 _aBR-BrBNA
_bpor
_cBiblioteca Nacional de Agricultura
041 _a(Pt)
072 _aQ02
100 1 _aSilva, A. da
245 1 _aCapacitação em refrigeração comercial e industrial
650 _aREFRIGERAÇÃO
650 _aEVAPORADOR
650 _aTECNOLOGIA INDUSTRIAL
650 _aDIÓXIDO DE CARBONO
773 0 _tRevista Nacional da Carne (Brazil)
_xISSN 1413-4837
_g(May 2009), v. 33(387) p. 74-85
_wBR2014001996
909 _a202311
_bLúcia
_c55
_dLúcia Elande
942 _2AGRIS
_n0
_cANA
999 _c235982
_d235982